000 00985nam a2200265Ia 4500
005 20250629140242.0
008 250617s9999||||xx |||||||||||||| ||ara||
017 _a2023/22502
_bمصر. دار الكتب
020 _a9778974188
040 _aEG-CaGPL
_cEG-CaGPL
082 0 4 _a"726,2"
_bع م
_221
100 0 _aعبدالله كامل موسى عبده
245 1 0 _aموسوعة المنارات :
_bالمنارات فى العمارة المصرية والعالم الإسلامى فى العصر المملوكى الجركسى /
_cعبدالله كامل موسى عبده
250 _aط1
260 3 _c2025.
300 _a632ص :
_bلوحات ؛
_c24سم.
650 _aالآثار الإسلامية
_2qrmak
650 _aالعمارة الإسلامية
_2qrmak
650 _aالفن الإسلامى
_2qrmak
650 _aالمآذن
_2qrmak
650 _aالمساجد
_2qrmak
651 _2qrmak
942 _cBK
_2ddc
999 _c67607
_d67607